Sn̕tesis: jurisprudencia del tribunal supremo de Puerto Rico 2013

Detalles Bibliográficos
Autor principal: Ortega-Vľez, Ruth E.
Formato: eBook
Lenguaje:español
Publicado: Barcelona: Editorial vLex, 2013
Materias:
Acceso en línea:Acceso restringido

MARC

LEADER 00000nam a22000007a 4500
005 20180330173526.0
007 cr|||| ||||
008 180330s2013 pr |||||s|||| 00||0 spa d
035 |a 21246 
040 |a vLex 
090 |c 7579  |d 7579 
100 1 |a Ortega-Vľez, Ruth E. 
245 1 0 |a Sn̕tesis: jurisprudencia del tribunal supremo de Puerto Rico 2013  |h [Recurso electrn̤ico] /  |c Ruth E. Ortega-Vľez 
256 |a Servicio en ln̕ea 
260 |a Barcelona:  |b Editorial vLex,  |c 2013 
300 |a 1 recurso electrn̤ico 
506 1 |a Disponible solo en los productos indicados  |d vLex Global  |d vLex Global (Academic Edition, excluding Law Schools)  |d vLex Global (U.S. Academic Edition, Law Schools)  |d vLex Global (U.S. Academic Edition, excluding Law Schools)  |d vLex Global (Academic Edition, Law Schools) 
650 0 4 |a Derecho Civil  |z Puerto Rico 
650 0 4 |a Derecho Constitucional  |z Puerto Rico 
740 0 |a vLex Libros (Servicio en ln̕ea) 
856 4 0 |u http://vlex.com/source/sintesis-jurisprudencia-del-tribunal-supremo-de-puerto-rico-2013-21246  |z Acceso restringido 
942 |c BOOK 
999 0 |a Civil Law 
999 0 |a Constitutional Law